Statistics for Top 10 Origin Countries of Tourists to Germany

Click here to take the quiz!

General Stats

  • This quiz has been taken 117 times
  • The average score is 9 of 10

Answer Stats

Visitors Country % Correct
1.7 mil France
99%
2.5 mil United Kingdom
96%
2.5 mil United States
96%
4.4 milNetherlands
95%
1.4 mil Belgium
93%
1.8 mil Austria
92%
1.6 mil Italy
91%
3.1 mil  Switzerland
90%
1.3 mil China
87%
1.5 mil Denmark
83%

Score Distribution

Percentile by Number Answered

Percent of People with Each Score

Your Score History

You have not taken this quiz